000 00745nam a2200253Ia 4500
003 OSt
005 20221006160520.0
006 a|||||r|||| 00| 0
007 ta
008 221006b |||||||| |||| 00| 0 eng d
024 _a45,364
037 _cSeries Articles
040 _aEASL
_cEASL
_beng
041 _2eng
_aeng
100 _aWills Jr. John E.
_9673958
245 0 _aBack out to sea after end of empire
_b Studies of Maritime Asia since 1960s
260 _aAnn Arbor
_bAssocation for Asian Studies,Inc. USA.
_c2014
300 _ap.
_ccm.
490 _vV 19
650 _a End of empire - Maritime Asia 1960s
_9673959
650 _aAsian Studies
942 _cREF
_2CC
999 _c1113456
_d1113456